000
00327nam a22001457a 4500
008
230124b ||||| |||| 00| 0 eng d
020
_a
9781946158826
041
_a
eng
080
_2
THIRD EDITION
_a
004
082
_a
004HAW
100
_a
19
101
_a
STA
245
_a
STATISTICS AND DATA
_c
HAWKES S J
942
_2
udc
_c
BK
999
_c
59256
_d
59256